[Event "Landsturneringen 2009, Junior"]
[Site "Bergen"]
[Date "2009.07.08"]
[Round "5"]
[White "Tofte, Sondre Waage"]
[Black "Tallaksen, Levi André"]
[Result "1-0"]
[WhiteElo "2102"]
[BlackElo "2043"]
[PlyCount "125"]
[EventDate "2009.07.??"]
[EventType "swiss"]
[EventRounds "9"]
[EventCountry "NOR"]
[SourceDate "2009.07.06"]

1. e4 e5 2. d4 exd4 3. Nf3 Nc6 4. Bc4 Nf6 5. e5 d5 6. Bb5 Ne4 7. Nxd4 Bd7 8.
Bxc6 bxc6 9. O-O Bc5 10. Be3 O-O 11. f3 Ng5 12. f4 Ne4 13. Nd2 Nxd2 14. Qxd2 f6
15. b4 fxe5 16. fxe5 Bxd4 17. Bxd4 Bf5 18. Rf4 Qd7 19. Raf1 Rf7 20. R1f3 Bg6
21. h4 Qe6 22. Rxf7 Bxf7 23. Qg5 h6 24. Qf4 Bg6 25. c3 Be4 26. Rf2 a6 27. Qg3
Kh7 28. Rf4 Bf5 29. Qf3 Be4 30. Qh5 Bg6 31. Qe2 Be4 32. Qf1 Bg6 33. g4 a5 34.
Qf2 axb4 35. cxb4 Bb1 36. a3 Be4 37. Bb2 Bg6 38. Kh2 Kg8 39. Kg3 Be4 40. Qc5
Bg6 41. h5 Bd3 42. a4 Bc4 43. a5 Bb5 44. Bd4 Bc4 45. Bc3 Bb5 46. Qe3 Ba6 47.
Bd4 Bc4 48. Bc5 Bb5 49. Rf5 Re8 50. Qf4 Bd3 51. Rf8+ Rxf8 52. Qxf8+ Kh7 53. Qe7
Qxe7 54. Bxe7 g6 55. Bf8 gxh5 56. gxh5 Bc4 57. e6 Kg8 58. Bxh6 c5 59. bxc5 Be2
60. e7 Bxh5 61. a6 Be8 62. a7 Bc6 63. a8=Q+ 1-0

[Event "Landsturneringen 2009, Junior"]
[Site "Bergen"]
[Date "2009.07.09"]
[Round "6"]
[White "Haug, Marianne Wold"]
[Black "Arvola, Benjamin"]
[Result "0-1"]
[WhiteElo "1975"]
[BlackElo "2141"]
[PlyCount "62"]
[EventDate "2009.07.??"]
[EventType "swiss"]
[EventRounds "9"]
[EventCountry "NOR"]
[SourceDate "2009.07.06"]

1. e4 c5 2. Nf3 d6 3. d4 cxd4 4. Nxd4 Nf6 5. Nc3 a6 6. Be2 e6 7. O-O Be7 8. a4
b6 9. f4 Bb7 10. Bf3 Qc7 11. Kh1 O-O 12. Qe1 Nc6 13. Nb3 Na5 14. Nxa5 bxa5 15.
Be3 Rab8 16. Ba7 Rbc8 17. Qe3 Nd7 18. Rfd1 Nc5 19. Rd2 Ba8 20. Bxc5 Qxc5 21.
Nd1 g5 22. f5 Qe5 23. Qe2 h5 24. Bxh5 Bxe4 25. fxe6 fxe6 26. Nc3 Rxc3 27. bxc3
d5 28. Rd3 Rf4 29. Rh3 Qf5 30. Bf3 Qxh3 31. Bxe4 Qxc3 0-1

[Event "Landsturneringen 2009, Junior"]
[Site "Bergen"]
[Date "2009.07.09"]
[Round "6"]
[White "Holm, Kristian S."]
[Black "Nilsen, Joachim B"]
[Result "1/2-1/2"]
[WhiteElo "1757"]
[BlackElo "2013"]
[PlyCount "23"]
[EventDate "2009.07.??"]
[EventType "swiss"]
[EventRounds "9"]
[EventCountry "NOR"]
[SourceDate "2009.07.06"]

1. d4 d5 2. c4 c6 3. cxd5 cxd5 4. Nc3 Nc6 5. Bf4 Nf6 6. e3 Bf5 7. Nf3 e6 8. Bb5
Be7 9. Ne5 Qb6 10. O-O O-O 11. Bxc6 bxc6 12. Na4 1/2-1/2

[Event "Landsturneringen 2009, Junior"]
[Site "Bergen"]
[Date "2009.07.09"]
[Round "6"]
[White "Tallaksen, Levi André"]
[Black "Kvisla, Johannes L."]
[Result "1/2-1/2"]
[WhiteElo "2043"]
[BlackElo "2181"]
[PlyCount "69"]
[EventDate "2009.07.??"]
[EventType "swiss"]
[EventRounds "9"]
[EventCountry "NOR"]
[SourceDate "2009.07.06"]

1. d4 e6 2. Nf3 f5 3. g3 Nf6 4. Bg2 d5 5. c4 c6 6. Bf4 Be7 7. Nc3 O-O 8. O-O b6
9. Rc1 Bb7 10. Qb3 Ne4 11. cxd5 Nxc3 12. bxc3 cxd5 13. c4 dxc4 14. Qxc4 Bd5 15.
Qa4 g5 16. Bd2 Nd7 17. Bb4 Bxb4 18. Qxb4 g4 19. Ne1 Nf6 20. Nd3 Bxg2 21. Kxg2
a5 22. Qb3 Qd6 23. Nf4 Rfe8 24. Rc4 Nd5 25. Nd3 Rac8 26. Rfc1 Rxc4 27. Qxc4 Re7
28. Qc8+ Kg7 29. Rc6 Qa3 30. Rxe6 Qxa2 31. Rxe7+ Nxe7 32. Qc7 Qe6 33. Kg1 a4
34. d5 Qxe2 35. d6 1/2-1/2

[Event "Landsturneringen 2009, Junior"]
[Site "Bergen"]
[Date "2009.07.09"]
[Round "6"]
[White "Tjølsen, Katrine"]
[Black "Madland, Kristoffer"]
[Result "1-0"]
[WhiteElo "2138"]
[BlackElo "1964"]
[PlyCount "99"]
[EventDate "2009.07.??"]
[EventType "swiss"]
[EventRounds "9"]
[EventCountry "NOR"]
[SourceDate "2009.07.06"]

1. d4 d5 2. c4 c6 3. Nf3 Nf6 4. e3 e6 5. Bd3 Nbd7 6. O-O Bd6 7. b3 b6 8. Bb2
Bb7 9. Nbd2 O-O 10. Ne5 c5 11. f4 cxd4 12. exd4 Ne4 13. Nxe4 dxe4 14. Bc2 f5
15. Qe1 Qe7 16. Rd1 Rac8 17. Kh1 Rfd8 18. Qc3 Nf6 19. Bb1 Nh5 20. Qe3 Nf6 21.
Qh3 g6 22. Qc3 Bxe5 23. fxe5 Ng4 24. Qg3 Rd7 25. h3 Nh6 26. Qc3 Rcd8 27. Ba1
Qh4 28. Kg1 f4 29. d5 e3 30. Rde1 Nf5 31. Bxf5 gxf5 32. Qd4 Rg7 33. Rxe3 Qg5
34. Re2 exd5 35. e6 dxc4 36. Qxg7+ Qxg7 37. Bxg7 Kxg7 38. bxc4 f3 39. gxf3 Kf6
40. Kf2 Ba6 41. Rc1 Ke7 42. Rc3 Rc8 43. Ra3 Bxc4 44. Rxa7+ Kf6 45. Rc2 Kxe6 46.
Rb7 Rc6 47. Rxh7 Ke5 48. a4 Kd4 49. Rh4+ Ke5 50. Rhxc4 1-0

[Event "Landsturneringen 2009, Junior"]
[Site "Bergen"]
[Date "2009.07.09"]
[Round "6"]
[White "Tofte, Sondre Waage"]
[Black "Thingstad, Even"]
[Result "1-0"]
[WhiteElo "2102"]
[BlackElo "2074"]
[PlyCount "89"]
[EventDate "2009.07.??"]
[EventType "swiss"]
[EventRounds "9"]
[EventCountry "NOR"]
[SourceDate "2009.07.06"]

1. e4 c6 2. d4 d5 3. Nc3 dxe4 4. Nxe4 Bf5 5. Ng3 Bg6 6. h4 h6 7. Nf3 Nd7 8. h5
Bh7 9. Bd3 Bxd3 10. Qxd3 e6 11. Bf4 Qa5+ 12. Bd2 Bb4 13. a3 Bxd2+ 14. Nxd2 Ngf6
15. O-O-O O-O-O 16. Nc4 Qc7 17. Kb1 c5 18. Rhe1 Nb6 19. Nxb6+ Qxb6 20. dxc5
Qxc5 21. Qf3 Qc6 22. Qe3 Kb8 23. Qe5+ Qc7 24. Qb5 Rd5 25. Rxd5 Nxd5 26. Ne4 Rc8
27. Rc1 Qc4 28. Qxc4 Rxc4 29. f3 Kc7 30. b3 Rd4 31. c3 Rd3 32. Kc2 Nf4 33. g3
Rxf3 34. gxf4 Rxf4 35. Kd3 Rg4 36. Rf1 f6 37. Rf3 b6 38. Rg3 Rxg3+ 39. Nxg3 f5
40. c4 Kd6 41. b4 Ke5 42. Ne2 Kf6 43. Kd4 g6 44. hxg6 Kxg6 45. Ke5 1-0

[Event "Landsturneringen 2009, Junior"]
[Site "Bergen"]
[Date "2009.07.10"]
[Round "7"]
[White "Arvola, Benjamin"]
[Black "Tallaksen, Levi André"]
[Result "1-0"]
[WhiteElo "2141"]
[BlackElo "2043"]
[PlyCount "83"]
[EventDate "2009.07.??"]
[EventType "swiss"]
[EventRounds "9"]
[EventCountry "NOR"]
[SourceDate "2009.07.06"]

1. d4 d5 2. c4 e6 3. Nc3 c6 4. e4 dxe4 5. Nxe4 Be7 6. Nf3 Nf6 7. Bd3 Nbd7 8.
O-O O-O 9. Bf4 c5 10. Nxf6+ Nxf6 11. dxc5 Bxc5 12. Qc2 h6 13. Rad1 Qe7 14. Ne5
b6 15. b4 Nh5 16. Nc6 Qb7 17. Bh7+ Kh8 18. Be4 Nxf4 19. Nd4 Qb8 20. bxc5 bxc5
21. Rb1 cxd4 22. Rxb8 Rxb8 23. Qd2 e5 24. Qa5 f6 25. Qxa7 Be6 26. c5 f5 27. Bb7
e4 28. c6 Bd5 29. Qc5 Rbc8 30. g3 Ne2+ 31. Kg2 Be6 32. c7 d3 33. f3 Bd7 34.
fxe4 f4 35. e5 g5 36. Qd6 Rf7 37. Qxh6+ Rh7 38. Qf6+ Rg7 39. Be4 g4 40. Qh6+
Kg8 41. Bd5+ Kf8 42. Qf6+ 1-0

[Event "Landsturneringen 2009, Junior"]
[Site "Bergen"]
[Date "2009.07.10"]
[Round "7"]
[White "DeMac, Elias"]
[Black "Tjølsen, Katrine"]
[Result "1/2-1/2"]
[WhiteElo "2118"]
[BlackElo "2138"]
[PlyCount "43"]
[EventDate "2009.07.??"]
[EventType "swiss"]
[EventRounds "9"]
[EventCountry "NOR"]
[SourceDate "2009.07.06"]

1. d4 d5 2. c4 e6 3. Nf3 c6 4. e3 Bd6 5. Bd3 f5 6. Qc2 Nf6 7. Nc3 O-O 8. cxd5
cxd5 9. Nb5 Nc6 10. Nxd6 Qxd6 11. Bd2 Bd7 12. O-O Ne4 13. Qb3 Rab8 14. a3 a5
15. Qb6 Ra8 16. Bxe4 fxe4 17. Ne5 Rfb8 18. f4 Ra6 19. Qb3 Nxe5 20. fxe5 Qb6 21.
Qxb6 Rxb6 22. Bc3 1/2-1/2

[Event "Landsturneringen 2009, Junior"]
[Site "Bergen"]
[Date "2009.07.04"]
[Round "7"]
[White "Getz, Nicolai"]
[Black "Holm, Kristian S."]
[Result "1-0"]
[WhiteElo "2191"]
[BlackElo "1757"]
[PlyCount "37"]
[EventDate "2009.07.??"]
[EventType "swiss"]
[EventRounds "9"]
[EventCountry "NOR"]
[SourceDate "2009.07.06"]

1. e4 c5 2. c3 g6 3. d4 cxd4 4. cxd4 d5 5. e5 Nc6 6. Nc3 Bg7 7. h3 Nh6 8. g4
O-O 9. Bg2 Be6 10. Nge2 f6 11. Nf4 Bc8 12. Bxd5+ Kh8 13. exf6 exf6 14. Be3 f5
15. g5 Nf7 16. h4 Kg8 17. h5 Qd6 18. Qf3 Re8 19. O-O-O 1-0

[Event "Landsturneringen 2009, Junior"]
[Site "Bergen"]
[Date "2009.07.04"]
[Round "7"]
[White "Haug, Marianne Wold"]
[Black "Carlsen, Ellen Øen"]
[Result "1-0"]
[WhiteElo "1975"]
[BlackElo "1782"]
[PlyCount "93"]
[EventDate "2009.07.??"]
[EventType "swiss"]
[EventRounds "9"]
[EventCountry "NOR"]
[SourceDate "2009.07.06"]

1. e4 c5 2. Nf3 Nc6 3. d4 cxd4 4. Nxd4 Nf6 5. Nc3 e5 6. Ndb5 d6 7. Bg5 a6 8.
Na3 b5 9. Bxf6 gxf6 10. Nd5 f5 11. c3 Bg7 12. exf5 Bxf5 13. Nc2 O-O 14. Nce3
Be6 15. Bd3 f5 16. O-O Ra7 17. a4 b4 18. cxb4 e4 19. Nf4 Bf7 20. Bc4 Ne5 21.
Bxf7+ Rfxf7 22. Kh1 Qh4 23. g3 Qh6 24. Qh5 Nf3 25. Qxh6 Bxh6 26. Rfd1 Bxf4 27.
gxf4 Rf6 28. Kg2 Rg7+ 29. Kf1 Nxh2+ 30. Ke2 Nf3 31. Rd5 Rb7 32. Nc2 h5 33. b5
axb5 34. a5 Rc7 35. Nd4 Nxd4+ 36. Rxd4 Ra7 37. Rb4 d5 38. Rxb5 d4 39. Rb6 Rff7
40. b4 h4 41. b5 h3 42. Rh6 Rfb7 43. b6 Ra6 44. Rxh3 Rbxb6 45. Rg1+ Rg6 46.
Rxg6+ Rxg6 47. Rg3 1-0

[Event "Landsturneringen 2009, Junior"]
[Site "Bergen"]
[Date "2009.07.10"]
[Round "7"]
[White "Nilsen, Joachim B"]
[Black "Tofte, Sondre Waage"]
[Result "1/2-1/2"]
[WhiteElo "2013"]
[BlackElo "2102"]
[PlyCount "50"]
[EventDate "2009.07.??"]
[EventType "swiss"]
[EventRounds "9"]
[EventCountry "NOR"]
[SourceDate "2009.07.06"]

1. d4 Nf6 2. c4 e6 3. Nf3 d5 4. Nc3 Be7 5. Bg5 O-O 6. e3 h6 7. Bh4 Nbd7 8. Qc2
a6 9. Rd1 dxc4 10. Bxc4 b5 11. Be2 Bb7 12. a3 Rc8 13. b4 Re8 14. O-O Nd5 15.
Bxe7 Qxe7 16. Nxd5 Bxd5 17. e4 Ba8 18. Qb1 e5 19. d5 c6 20. dxc6 Rxc6 21. Rc1
Rec8 22. Rxc6 Rxc6 23. Rc1 Qe6 24. Bd3 Kh7 25. Rxc6 Qxc6 1/2-1/2

[Event "Landsturneringen 2009, Junior"]
[Site "Bergen"]
[Date "2009.07.10"]
[Round "7"]
[White "Skage, Øystein Aagedal"]
[Black "Hagen, Anders G."]
[Result "0-1"]
[WhiteElo "1810"]
[BlackElo "2067"]
[PlyCount "66"]
[EventDate "2009.07.??"]
[EventType "swiss"]
[EventRounds "9"]
[EventCountry "NOR"]
[SourceDate "2009.07.06"]

1. e4 e6 2. d4 d5 3. Nc3 Nf6 4. e5 Nfd7 5. f4 c5 6. Nf3 Nc6 7. Be3 a6 8. Qd2 b5
9. a3 g5 10. fxg5 cxd4 11. Nxd4 Ncxe5 12. Be2 Bg7 13. Bh5 O-O 14. O-O Nc4 15.
Qf2 Nde5 16. Bf4 Ng6 17. Nc6 Qd7 18. Bxg6 fxg6 19. Qc5 Bb7 20. Ne7+ Kh8 21.
Rad1 Nxb2 22. Rde1 Rae8 23. Be5 Rxf1+ 24. Rxf1 Bxe5 25. Rf7 Qd6 26. Qf2 Rxe7
27. Rf8+ Kg7 28. Rh8 Rf7 29. Rxh7+ Kxh7 30. Qxf7+ Bg7 31. h4 Qc5+ 32. Kh2 Qxc3
33. h5 Qe5+ 0-1

[Event "Landsturneringen 2009, Junior"]
[Site "Bergen"]
[Date "2009.07.10"]
[Round "7"]
[White "Thingstad, Even"]
[Black "Kvisla, Johannes L."]
[Result "1-0"]
[WhiteElo "2181"]
[BlackElo "2074"]
[PlyCount "99"]
[EventDate "2009.07.??"]
[EventType "swiss"]
[EventRounds "9"]
[EventCountry "NOR"]
[SourceDate "2009.07.06"]

1. d4 Nf6 2. c4 g6 3. Nc3 Bg7 4. e4 d6 5. Nf3 O-O 6. Be2 e5 7. O-O Nc6 8. d5
Ne7 9. Ne1 Nd7 10. Be3 f5 11. f3 f4 12. Bf2 g5 13. a4 Rf6 14. a5 c5 15. dxc6
Nxc6 16. a6 Kh8 17. Nb5 Qe7 18. axb7 Bxb7 19. Nxa7 Nd4 20. Nc2 Nb3 21. Ra3 Ndc5
22. Nb5 Rxa3 23. Ncxa3 Rh6 24. Bd3 g4 25. Bc2 gxf3 26. gxf3 Qd7 27. Qe2 Nd4 28.
Nxd4 exd4 29. Rd1 Rg6+ 30. Kh1 Qh3 31. Rg1 Rh6 32. Rg2 Re6 33. Qd1 d3 34. Bxd3
Nxd3 35. Qxd3 Bxe4 36. Qb3 Bg6 37. Nc2 Re8 38. Nd4 Qd7 39. Rg1 Qa7 40. Rd1 Qa8
41. Qb5 Bc2 42. Rg1 Bg6 43. Qd7 Rd8 44. Qg4 Rb8 45. Ne6 Rxb2 46. Bd4 Bxd4 47.
Nxd4 Qf8 48. Qh4 Qe8 49. Qf6+ Kg8 50. Nf5 1-0

[Event "Landsturneringen 2009, Junior"]
[Site "Bergen"]
[Date "2009.07.10"]
[Round "7"]
[White "Valle, Stian"]
[Black "Steinskog, Asbjørn O"]
[Result "0-1"]
[WhiteElo "1163"]
[BlackElo "1662"]
[PlyCount "110"]
[EventDate "2009.07.??"]
[EventType "swiss"]
[EventRounds "9"]
[EventCountry "NOR"]
[SourceDate "2009.07.06"]

1. e4 c5 2. Nf3 Nc6 3. d4 cxd4 4. Nxd4 Nf6 5. Nc3 d6 6. Be2 e6 7. O-O Be7 8.
Be3 a6 9. f4 O-O 10. a3 Qc7 11. Bd3 Bd7 12. Qe1 e5 13. Nf5 Bxf5 14. exf5 d5 15.
fxe5 Qxe5 16. Bf4 Qxe1 17. Raxe1 Bc5+ 18. Kh1 Ng4 19. Bg3 Rad8 20. Bh4 f6 21.
Rf3 Kh8 22. Rff1 Nce5 23. h3 Nxd3 24. cxd3 Ne3 25. Rf4 d4 26. Ne2 Rfe8 27. Ng3
Bb6 28. Ne4 Bc7 29. Rf2 Be5 30. Nc5 Re7 31. Ne6 Rc8 32. Rfe2 Kg8 33. Bf2 Nxf5
34. Nxd4 Nxd4 35. Bxd4 Rce8 36. Bxe5 Rxe5 37. Rxe5 Rxe5 38. Rxe5 fxe5 39. Kg1
Kf7 40. Kf2 Ke6 41. Ke3 Kd5 42. Kd2 Kd4 43. Ke2 a5 44. a4 b6 45. Kd2 g6 46. g4
g5 47. Ke2 e4 48. dxe4 Kxe4 49. Kf2 Kd3 50. Kg3 Kc2 51. h4 h6 52. hxg5 hxg5 53.
Kf3 Kd3 54. Kg3 Ke3 55. Kg2 Kf4 0-1

[Event "Landsturneringen 2009, Junior"]
[Site "Bergen"]
[Date "2009.07.11"]
[Round "8"]
[White "Carlsen, Ellen Øen"]
[Black "Nyland, Ingeborg Marie"]
[Result "1-0"]
[WhiteElo "1782"]
[BlackElo "1029"]
[PlyCount "67"]
[EventDate "2009.07.??"]
[EventType "swiss"]
[EventRounds "9"]
[EventCountry "NOR"]
[SourceDate "2009.07.06"]

1. e4 e5 2. Nf3 Nc6 3. Bb5 d6 4. O-O Nf6 5. Re1 Be7 6. d4 Bd7 7. c4 Nxd4 8.
Bxd7+ Qxd7 9. Nxd4 exd4 10. Qxd4 O-O 11. Nc3 Qg4 12. h3 Qh4 13. Be3 Nh5 14. Qd2
h6 15. Nd5 Bd8 16. Rac1 c6 17. Nf4 Bc7 18. g3 Qg5 19. Ne6 Qe7 20. Nxf8 Rxf8 21.
Qb4 b6 22. Qa4 c5 23. Rcd1 a5 24. Qc6 Nf6 25. Bf4 Rd8 26. e5 dxe5 27. Rxd8+
Qxd8 28. Bxe5 Bxe5 29. Rxe5 Qd1+ 30. Kg2 Nd7 31. Rd5 Qc2 32. Rxd7 Qxb2 33. Qe4
Qf6 34. Qd3 1-0

[Event "Landsturneringen 2009, Junior"]
[Site "Bergen"]
[Date "2009.07.11"]
[Round "8"]
[White "Haugstad, Espen"]
[Black "Skage, Øystein Aagedal"]
[Result "1/2-1/2"]
[WhiteElo "2156"]
[BlackElo "1810"]
[PlyCount "81"]
[EventDate "2009.07.??"]
[EventType "swiss"]
[EventRounds "9"]
[EventCountry "NOR"]
[SourceDate "2009.07.06"]

1. e4 c5 2. Nf3 Nc6 3. d4 cxd4 4. Nxd4 Nf6 5. Nc3 e5 6. Ndb5 d6 7. Bg5 a6 8.
Na3 b5 9. Nd5 Be7 10. Bxf6 Bxf6 11. c4 b4 12. Nc2 a5 13. g3 O-O 14. Bg2 Bg5 15.
O-O Ne7 16. Nce3 Bb7 17. h4 Nxd5 18. Nxd5 Bxd5 19. cxd5 Bh6 20. Bh3 Qc7 21. Qa4
Qc4 22. Rfe1 Bd2 23. Bf1 Qd4 24. Rad1 Bxe1 25. Rxd4 exd4 26. Qd1 Bc3 27. bxc3
bxc3 28. Qxd4 c2 29. Qc3 Rfc8 30. Bc4 Rab8 31. Qxc2 Rb4 32. e5 Rbxc4 33. Qf5
dxe5 34. d6 Rd8 35. Qxe5 Rc1+ 36. Kg2 Rd1 37. Qxa5 R1xd6 38. a4 Rd5 39. Qa6
R5d6 40. Qa7 R6d7 41. Qa6 1/2-1/2

[Event "Landsturneringen 2009, Junior"]
[Site "Bergen"]
[Date "2009.07.11"]
[Round "8"]
[White "Holm, Kristian S."]
[Black "DeMac, Elias"]
[Result "0-1"]
[WhiteElo "1757"]
[BlackElo "2118"]
[PlyCount "78"]
[EventDate "2009.07.??"]
[EventType "swiss"]
[EventRounds "9"]
[EventCountry "NOR"]
[SourceDate "2009.07.06"]

1. d4 Nf6 2. c4 c5 3. d5 e6 4. Nc3 exd5 5. cxd5 d6 6. e4 g6 7. Nf3 Bg7 8. Be2
O-O 9. O-O a6 10. a4 Nbd7 11. Bf4 Qe7 12. Nd2 Rb8 13. Nc4 Ne8 14. Qd2 Bxc3 15.
bxc3 f6 16. Rfe1 Ne5 17. Rab1 Bd7 18. Nb6 Ng7 19. a5 Be8 20. Bh6 g5 21. h3 Bg6
22. f3 Rf7 23. Bxg7 Rxg7 24. g4 h5 25. Kg2 hxg4 26. hxg4 Rh7 27. Rh1 Nxg4 28.
Rxh7 Bxh7 29. Rh1 Ne5 30. Qe3 Re8 31. Re1 Kg7 32. Nc4 Ng6 33. Bd1 Nf4+ 34. Kg3
Bg6 35. Be2 Rh8 36. Bf1 Be8 37. Kf2 Bb5 38. Nd2 Qe5 39. c4 Rh2+ 0-1

[Event "Landsturneringen 2009, Junior"]
[Site "Bergen"]
[Date "2009.07.11"]
[Round "8"]
[White "Kvisla, Johannes L."]
[Black "Nilsen, Joachim B"]
[Result "1/2-1/2"]
[WhiteElo "2181"]
[BlackElo "2013"]
[PlyCount "94"]
[EventDate "2009.07.??"]
[EventType "swiss"]
[EventRounds "9"]
[EventCountry "NOR"]
[SourceDate "2009.07.06"]

1. e4 c5 2. Nf3 a6 3. c4 Nc6 4. d4 cxd4 5. Nxd4 Nf6 6. Nc3 e6 7. g3 Qc7 8. Bg2
Be7 9. O-O O-O 10. Nxc6 dxc6 11. Be3 e5 12. h3 Nd7 13. Qe2 b6 14. Rfc1 Bb7 15.
Na4 Nc5 16. Nxc5 Bxc5 17. Bxc5 bxc5 18. Qe3 Qe7 19. Qc3 Qc7 20. Qa3 Qb6 21. h4
Rad8 22. Qc3 Qc7 23. a3 Rd4 24. b4 cxb4 25. axb4 Rfd8 26. c5 Rd3 27. Qc2 Rd2
28. Qa4 Qd7 29. Ra2 Qd4 30. Rxd2 Qxd2 31. Qc2 Qxc2 32. Rxc2 Rd1+ 33. Kh2 Kf8
34. Rb2 Ke7 35. Bf3 Rd4 36. Bg2 Rd1 37. Bh3 Rd4 38. f3 Kd8 39. Bf1 Kc7 40. Kg2
a5 41. bxa5 Ra4 42. f4 Rxa5 43. Rc2 Ba6 44. Bxa6 Rxa6 45. fxe5 Kd7 46. Kf3 Ke6
47. Kf4 Ra1 1/2-1/2

[Event "Landsturneringen 2009, Junior"]
[Site "Bergen"]
[Date "2009.07.11"]
[Round "8"]
[White "Thingstad, Even"]
[Black "Getz, Nicolai"]
[Result "0-1"]
[WhiteElo "2074"]
[BlackElo "2191"]
[PlyCount "62"]
[EventDate "2009.07.??"]
[EventType "swiss"]
[EventRounds "9"]
[EventCountry "NOR"]
[SourceDate "2009.07.06"]

1. d4 Nf6 2. c4 d6 3. Nf3 Bf5 4. Nc3 g6 5. Nd2 Bg7 6. e4 Bd7 7. Be2 Nc6 8. d5
Nd4 9. f4 O-O 10. Nf3 Nxe2 11. Qxe2 e6 12. O-O exd5 13. cxd5 Re8 14. Qd3 c6 15.
Be3 Nxe4 16. Nxe4 Bf5 17. Nfd2 cxd5 18. Qxd5 Bxe4 19. Nxe4 Qe7 20. Nxd6 Qxe3+
21. Kh1 Qe6 22. Qxe6 Rxe6 23. Nxb7 Re2 24. Nd6 Rxb2 25. a4 Rd8 26. Nb5 Rdd2 27.
Rg1 a6 28. Nc7 Rbc2 29. Rac1 Bd4 30. Rgd1 Rxd1+ 31. Rxd1 Rxc7 0-1

[Event "Landsturneringen 2009, Junior"]
[Site "Bergen"]
[Date "2009.07.11"]
[Round "8"]
[White "Tjølsen, Katrine"]
[Black "Hagen, Anders G."]
[Result "1/2-1/2"]
[WhiteElo "2138"]
[BlackElo "2067"]
[PlyCount "112"]
[EventDate "2009.07.??"]
[EventType "swiss"]
[EventRounds "9"]
[EventCountry "NOR"]
[SourceDate "2009.07.06"]

1. d4 e6 2. c4 Nf6 3. g3 d5 4. Nf3 Bb4+ 5. Bd2 Be7 6. Bg2 O-O 7. O-O c6 8. Qc2
b6 9. Bf4 Ba6 10. b3 Nbd7 11. a4 Bb4 12. Rd1 Qe7 13. Nc3 Nh5 14. Bg5 f6 15. Bc1
f5 16. Na2 Bd6 17. Bg5 Nhf6 18. e3 Rac8 19. Nd2 Qf7 20. Nc1 Qh5 21. Bf4 Bxf4
22. exf4 c5 23. Bf3 Ng4 24. Nf1 dxc4 25. bxc4 cxd4 26. Rxd4 Nc5 27. Kg2 Qe8 28.
h3 Nf6 29. Nd3 Nxd3 30. Qxd3 e5 31. fxe5 Qxe5 32. Ne3 Ne4 33. Re1 Nc5 34. Qd1
Rce8 35. Bd5+ Kh8 36. Rh4 g6 37. Rd4 Qg7 38. Bc6 Bb7 39. Bxb7 Qxb7+ 40. Nd5 Qc6
41. Rh4 Kg8 42. Kh2 Rxe1 43. Qxe1 Qe6 44. Qd2 Rf7 45. Rd4 Nb3 46. Qd1 Nxd4 47.
Qxd4 Qc6 48. Qe5 Qxa4 49. Qb8+ Kg7 50. Qe5+ Kg8 51. Qb8+ Rf8 52. Ne7+ Kf7 53.
Qc7 Ke6 54. Nd5 Qd7 55. Nf4+ Ke7 56. Nd5+ Ke6 1/2-1/2

[Event "Landsturneringen 2009, Junior"]
[Site "Bergen"]
[Date "2009.07.11"]
[Round "8"]
[White "Tofte, Sondre Waage"]
[Black "Arvola, Benjamin"]
[Result "1-0"]
[WhiteElo "2102"]
[BlackElo "2141"]
[PlyCount "51"]
[EventDate "2009.07.??"]
[EventType "swiss"]
[EventRounds "9"]
[EventCountry "NOR"]
[SourceDate "2009.07.06"]

1. e4 c5 2. Nf3 d6 3. d4 cxd4 4. Nxd4 Nf6 5. Nc3 a6 6. Be3 e5 7. Nb3 Be6 8. f3
Nbd7 9. Qd2 b5 10. O-O-O Nb6 11. Qf2 Rb8 12. Nc5 Bc8 13. g4 Nc4 14. Bxc4 bxc4
15. g5 Nd7 16. Nxd7 Bxd7 17. Nd5 Be6 18. Bb6 Qxg5+ 19. f4 exf4 20. Rhg1 Qh6 21.
Nc7+ Kd7 22. Nxa6 Ra8 23. Qc5 Rc8 24. Nb8+ Ke7 25. Qxd6+ Ke8 26. Qd8+ 1-0

[Event "Landsturneringen 2009, Junior"]
[Site "Bergen"]
[Date "2009.07.12"]
[Round "9"]
[White "Arvola, Benjamin"]
[Black "Nilsen, Joachim B"]
[Result "1/2-1/2"]
[WhiteElo "2141"]
[BlackElo "2013"]
[PlyCount "45"]
[EventDate "2009.07.??"]
[EventType "swiss"]
[EventRounds "9"]
[EventCountry "NOR"]
[SourceDate "2009.07.06"]

1. d4 d5 2. c4 c6 3. Nf3 Nf6 4. Nc3 e6 5. Bg5 dxc4 6. e4 b5 7. e5 h6 8. Bh4 g5
9. Nxg5 hxg5 10. Bxg5 Nbd7 11. exf6 Bb7 12. g3 c5 13. d5 Qb6 14. Bg2 O-O-O 15.
O-O b4 16. Na4 Qb5 17. a3 exd5 18. axb4 d4 19. Bxb7+ Kxb7 20. Nc3 dxc3 21. Qd5+
Kb6 22. Bf4 Rh5 23. Qxh5 1/2-1/2

[Event "Landsturneringen 2009, Junior"]
[Site "Bergen"]
[Date "2009.07.12"]
[Round "9"]
[White "DeMac, Elias"]
[Black "Thingstad, Even"]
[Result "1-0"]
[WhiteElo "2118"]
[BlackElo "2074"]
[PlyCount "137"]
[EventDate "2009.07.??"]
[EventType "swiss"]
[EventRounds "9"]
[EventCountry "NOR"]
[SourceDate "2009.07.06"]

1. e4 c6 2. d4 d5 3. Nc3 dxe4 4. Nxe4 Bf5 5. Ng3 Bg6 6. h4 h6 7. Nf3 Nd7 8. h5
Bh7 9. Bd3 Bxd3 10. Qxd3 e6 11. Bd2 Ngf6 12. O-O-O Be7 13. Ne4 O-O 14. g4 Nxg4
15. Rhg1 f5 16. Qb3 Rf7 17. Nc3 Nf8 18. Ne5 Nxe5 19. dxe5 Qb6 20. Bxh6 Qxb3 21.
axb3 Bc5 22. Rg2 Kh7 23. Bf4 Rd7 24. Rdg1 Rad8 25. Ne2 Rf7 26. Bd2 Bd4 27. Bc3
Bxc3 28. bxc3 a5 29. Nf4 Re7 30. h6 gxh6 31. Rh2 Rg7 32. Rgh1 Kg8 33. Rxh6 Kf7
34. Rf6+ Ke7 35. Rhh6 b5 36. Kb2 Rg1 37. Rxf8 Rdd1 38. Ng6+ Rxg6 39. Rxg6 Kxf8
40. Rxe6 c5 41. Rf6+ Ke7 42. f4 c4 43. bxc4 bxc4 44. Rxf5 Rf1 45. Rf6 Rf2 46.
Ra6 Rxf4 47. Rxa5 Ke6 48. Ka3 Re4 49. Kb4 Ke7 50. Rc5 Kd7 51. Kb5 Ke7 52. Rd5
Ke6 53. Kc5 Ke7 54. Rd4 Rxe5+ 55. Kxc4 Re2 56. Kb3 Re3 57. Rd3 Re6 58. c4 Rh6
59. Kc3 Rc6 60. Kb4 Rc8 61. c5 Rb8+ 62. Kc4 Rc8 63. c3 Ke8 64. Kb5 Rb8+ 65. Kc6
Rc8+ 66. Kb6 Rb8+ 67. Kc7 Rb3 68. Re3+ Kf7 69. c6 1-0

[Event "Landsturneringen 2009, Junior"]
[Site "Bergen"]
[Date "2009.07.12"]
[Round "9"]
[White "Getz, Nicolai"]
[Black "Tofte, Sondre Waage"]
[Result "1/2-1/2"]
[WhiteElo "2191"]
[BlackElo "2102"]
[PlyCount "119"]
[EventDate "2009.07.??"]
[EventType "swiss"]
[EventRounds "9"]
[EventCountry "NOR"]
[SourceDate "2009.07.06"]

1. e4 e5 2. Nc3 Nf6 3. Bc4 Nc6 4. d3 Bc5 5. a3 d6 6. Na4 Bb6 7. Nxb6 axb6 8. f4
Bg4 9. Nf3 d5 10. exd5 Nxd5 11. h3 Bxf3 12. Qxf3 Ndb4 13. Qf2 O-O 14. O-O b5
15. Bxb5 Nd4 16. Rb1 Nbxc2 17. Bc4 exf4 18. Bxf4 Qd7 19. Kh1 b5 20. Bb3 Nb4 21.
axb4 Nxb3 22. Qg3 f6 23. d4 Qd5 24. Bh6 Rf7 25. Rxf6 Kh8 26. Rxf7 Qxf7 27.
Bxg7+ Qxg7 28. Qxb3 Qxd4 29. Rd1 Qe5 30. Qf3 Rg8 31. Rd5 Qxb2 32. Rxb5 Qg7 33.
Ra5 Qd4 34. Ra2 Re8 35. Rf2 Re1+ 36. Kh2 Qd6+ 37. g3 Re8 38. h4 Qe7 39. b5 Qe5
40. Qd3 Qe3 41. Qf5 Qe5 42. Qf7 Qxb5 43. Qxc7 Qd5 44. Qf4 Qe5 45. Qf3 Qe6 46.
Qh5 Qe3 47. Qf5 Qe5 48. Qf3 Qe6 49. h5 Qd6 50. Ra2 Qe6 51. Ra8 Rxa8 52. Qxa8+
Kg7 53. Qf3 Qf6 54. Qxf6+ Kxf6 55. g4 Ke5 56. Kg3 Ke4 57. Kh3 Kf4 58. Kh4 h6
59. Kh3 Kf3 60. Kh2 1/2-1/2